Island Countries in Asia - Statistics

General Stats
  • This quiz has been taken 38 times
  • The average score is 10 of 11
Answer Stats
Country % Correct
Japan
97%
Philippines
97%
Sri Lanka
97%
Taiwan
97%
Indonesia
94%
East Timor
91%
Singapore
91%
Bahrain
86%
Maldives
86%
Brunei
83%
Cyprus
77%
No matching quizzes found
Score Distribution
Percent of People with Each Score
Percentile by Number Answered
Your Score History
You have not taken this quiz